The greatest gift: (Record no. 48806)
| 000 -LEADER | |
|---|---|
| fixed length control field | 00346nam a2200109 4500 |
| 020 ## - INTERNATIONAL STANDARD BOOK NUMBER | |
| International Standard Book Number | 9781898000587 |
| 100 ## - MAIN ENTRY--PERSONAL NAME | |
| Personal name | Summers, Susan |
| 9 (RLIN) | 86219 |
| 245 ## - TITLE STATEMENT | |
| Title | The greatest gift: |
| Remainder of title | the story of the other wise man / |
| Statement of responsibility, etc | Susan Summers & Jackie Morris |
| 260 ## - PUBLICATION, DISTRIBUTION, ETC. (IMPRINT) | |
| Place of publication, distribution, etc | Great Britain |
| Name of publisher, distributor, etc | Barefoot Books |
| Date of publication, distribution, etc | 19-- |
| 300 ## - PHYSICAL DESCRIPTION | |
| Extent | unpaged. |
| Other physical details | col. ill. |
| Dimensions | 23 cm. |
| 942 ## - ADDED ENTRY ELEMENTS (KOHA) | |
| Source of classification or shelving scheme | |
| Koha item type | Book |
| Withdrawn status | Lost status | Source of classification or shelving scheme | Damaged status | Not for loan | Collection code | Home library | Current library | Date acquired | Total Checkouts | Full call number | Barcode | Date last seen | Price effective from | Koha item type | Public note |
|---|---|---|---|---|---|---|---|---|---|---|---|---|---|---|---|
| TEACHERS' RESOURCES | Asian Hope Early Years Library | Asian Hope Early Years Library | 04/03/2025 | 823.914 SUM | 207800 | 04/03/2025 | 04/03/2025 | Book | YEAR 1 BOOK |